[Event "Chess Festival Cracovia B 2020"]
[Site "Krakow"]
[Date "2021.01.02"]
[Round "6.4"]
[White "Derylo, Kamil"]
[Black "Zarnowski, Krzysztof"]
[Result "0-1"]
[WhiteElo "1998"]
[BlackElo "2062"]
[Annotator "TA"]
[PlyCount "106"]
[EventDate "2020.12.28"]
[EventCountry "POL"]
[SourceTitle "playchess.com"]
[Source "ChessBase"]
[SourceQuality "1"]

{[%evp 9,106,54,62,60,60,79,62,60,61,64,47,45,69,62,107,113,118,37,42,42,43,41,52,45,34,47,151,87,83,97,115,95,122,111,127,127,147,127,128,130,139,130,127,132,159,170,237,187,197,174,177,170,183,178,168,158,213,177,200,163,268,260,267,0,0,0,0,0,0,0,0,0,0,0,0,-8,0,-8,-8,-131,-8,-8,-8,-491,-491,-514,-66,-29972,-29974,-29980,-29981,-29986,-29987,-29989,-29990,-29991,-29992,-29992,-29993]} 1. d4 Nf6 2. Bg5 c5 3. d5 d6 4. Nc3 Nbd7 5. e4 a6 6. a4 $1 {A45: Trompowsky Attack.} h6 7. Bd2 g6 8. f4 {White is slightly better.} Bg7 9. Nf3 {[#]} O-O $146 ({Predecessor:} 9... Rb8 10. a5 O-O 11. Bd3 b5 12. axb6 Qxb6 13. Na4 Qc7 14. c4 Rb4 15. O-O a5 {1-0 (61) Manolache,M (2533)-Dzhaparov,M (1730) Chess.com INT 2020}) 10. Bd3 Qc7 11. Qe2 b5 12. axb5 Nb6 13. e5 (13. bxa6 c4 $17) (13. b3 $1 $16) 13... Nfxd5 $14 14. Nxd5 (14. bxa6 $2 Nxc3 15. Bxc3 c4 $19) 14... Nxd5 15. Be4 Bb7 16. bxa6 Qb6 {[%cal Rb7a6]} 17. c4 $36 {[%mdl 2048] White has good play.} e6 18. Ba5 (18. cxd5 $142 exd5 19. Bd3) 18... Qxa6 $16 19. cxd5 exd5 20. Bc2 dxe5 21. fxe5 ({Don't do} 21. Nxe5 Rfe8 $14) 21... f6 22. e6 ({And not} 22. Bxg6 fxe5 23. Nh4 Qxe2+ 24. Kxe2 Ba6+ 25. Kd1 Bc4 $11) 22... f5 23. Kf2 {Hoping for Qxa6.} Qxe2+ 24. Kxe2 Rfe8 25. Kf2 Rxe6 {aiming for ...Rea6.} 26. Bc3 Rxa1 27. Rxa1 Bf8 (27... Rb6 {is a better defense.}) 28. Ra3 Ba6 29. Be5 Kf7 30. h3 Rb6 31. b3 {[%cal Bb2b3,Bb3b4][%mdl 32]} Ke6 32. Ra1 d4 (32... Bb7 $16 {might work better.} 33. g4 fxg4) 33. Re1 {Strongly threatening Bc7+.} Kd5 34. Rd1 Re6 (34... Bd6 $142) 35. b4 $1 $18 Rxe5 36. Nxe5 ({Only move:} 36. Bb3+ $1 $18 c4 37. Rxd4+ Ke6 38. Bxc4+ Bxc4 39. Nxe5 (39. Rxc4 Rb5 $11) 39... Kxe5 40. Rxc4) 36... Kxe5 $11 37. bxc5 Bxc5 {Threatens to win with ...d3+.} 38. Bd3 Bxd3 39. Rxd3 {[%mdl 4096] Endgame KR-KB} Ke4 40. Ke2 g5 41. Rb3 h5 42. Kd2 h4 43. Rf3 (43. Rb8 {is more complex.} Bd6 44. Rg8 Bf4+ 45. Ke1 Bc1 46. Kf1) 43... Bd6 44. Ke2 (44. Rb3 $11 {was the only way to keep the balance.}) 44... Bf4 ({Black should try} 44... g4 $17 45. Rb3 Be5) 45. Rb3 g4 (45... Be3 {looks sharper.} 46. Rb7 d3+ 47. Ke1 g4 48. Rh7 Kf4) 46. hxg4 $2 {[%mdl 8192]} (46. Rb7 $11) 46... fxg4 $19 47. Rb4 Be3 $2 (47... h3 $19 {...h2 is the strong threat.} 48. Rb7 g3 49. Re7+ Be5) 48. Rb5 $2 {[%mdl 8192]} (48. Kf1 $15) 48... h3 {Black mates.} 49. gxh3 g3 $1 50. Kf1 {[#]} Kf3 $1 51. Rf5+ {[#]} Bf4 $1 ({Weaker is} 51... Ke4 52. Rf7 $11) 52. Rf7 g2+ 53. Kg1 d3 {Quite a comeback for Black.  Weighted Error Value: White=0.44/Black=0.29} 0-1

[Event "Chess Festival Cracovia B 2020"]
[Site "Krakow"]
[Date "2021.01.02"]
[Round "6.5"]
[White "Szczurek, Krzysztof"]
[Black "Maslanka, Wojciech"]
[Result "1-0"]
[WhiteElo "2031"]
[BlackElo "1781"]
[Annotator "TA"]
[PlyCount "117"]
[EventDate "2020.12.28"]
[EventCountry "POL"]
[SourceTitle "playchess.com"]
[Source "ChessBase"]
[SourceQuality "1"]

{[%evp 14,117,44,38,45,25,35,6,12,6,7,-16,0,-2,0,0,0,3,87,87,163,121,126,125,160,115,113,114,113,113,121,121,136,126,126,126,121,120,116,87,102,81,89,77,120,117,121,78,79,77,280,177,180,187,181,179,387,380,429,429,420,408,463,448,450,402,604,555,553,552,551,532,519,488,441,407,516,508,867,809,971,910,1048,633,1339,1345,1217,1142,854,862,717,651,1841,1914,1916,1892,1675,1338,12839,12839,12840,12841,12843,12843,12843,12843]} 1. Nf3 Nf6 2. g3 d5 3. Bg2 g6 4. O-O Bg7 5. d3 O-O 6. Nbd2 b6 7. e4 dxe4 8. dxe4 Bb7 {A07: Réti Opening: New York and Capablanca Systems.} 9. Qe2 (9. e5 $5 {[%cal Re5f6]} Nd5 10. Qe2 $11) 9... Nfd7 {[#]} 10. Rb1 $146 ({Predecessor:} 10. Rd1 e5 11. h4 Nc6 12. Nb3 Qe7 13. h5 Rfd8 14. h6 Bf6 15. Be3 Nf8 16. c3 {1-0 (56) Nalbandian,T (2458)-Luft,D (2219) Dortmund 2017}) 10... e5 {The position is equal.} 11. b3 Qe7 12. Bb2 c5 13. Rfd1 Nc6 14. c3 Rad8 15. Nf1 f5 {[#]} (15... Nf6 $11) 16. Ne3 $1 $16 Ncb8 (16... fxe4 $16 {might work better.} 17. Nd5 Qe8) 17. Nd5 Bxd5 18. Rxd5 Nc6 19. Rbd1 fxe4 20. Nd2 ({Don't go for} 20. Qxe4 $2 Nf6 $19) 20... Nf6 21. Rxd8 Rxd8 22. Nxe4 Kf8 23. Ng5 Rxd1+ 24. Qxd1 Nd8 25. c4 Nf7 26. Nxf7 Kxf7 27. Qe2 e4 28. h4 Bh6 29. g4 {[#] And now g5 would win.} g5 30. Bc1 Qe5 31. Bh3 $36 {[%mdl 2048] Black is under strong pressure.} Ke6 $2 {Black cannot hold the game after this.} (31... Kg6 $16) 32. Qe3 {[%cal Rh4g5]} Ne8 33. hxg5 Bg7 34. Bf1 a5 $2 (34... Kf7 35. Qf4+ Qxf4 36. Bxf4 Ke6) 35. Qh3 $18 Qc3 36. Be3 Qe5 37. Qxh7 Kd7 38. Qf5+ Ke7 39. Bf4 Qd4 (39... Qe6 $142 40. Bg2 Nd6) 40. g6 Nd6 41. Bg5+ Bf6 42. Qxf6+ ({Less strong is} 42. g7 Nxf5 43. g8=Q Nd6 $16) 42... Qxf6 43. Bxf6+ Kxf6 {[%mdl 4096] Endgame KB-KN} 44. Kg2 Kxg6 45. Kg3 {White is clearly winning.} Kg5 (45... Nf7 $142 46. Kf4 Ng5) 46. a4 Ne8 47. Be2 Nf6 48. Bd1 Ng8 49. f4+ exf3 50. Kxf3 Ne7 51. Ke4 Kf6 52. Bf3 Kg5 53. Ke5 Ng6+ 54. Kd6 Kf4 55. Bc6 Kxg4 56. Kc7 Ne5 57. Kxb6 Nd3 58. Kxa5 Nc1 59. Kb6 {Weighted Error Value: White=0.25/Black=0.40} 1-0

[Event "Chess Festival Cracovia B 2020"]
[Site "Krakow"]
[Date "2021.01.02"]
[Round "6.6"]
[White "Sowinski, Pawel"]
[Black "Jankowiak, Piotr"]
[Result "1/2-1/2"]
[WhiteElo "1767"]
[BlackElo "2031"]
[Annotator "TA"]
[PlyCount "75"]
[EventDate "2020.12.28"]
[EventCountry "POL"]
[SourceTitle "playchess.com"]
[Source "ChessBase"]
[SourceQuality "1"]

{[%evp 16,75,0,-20,0,2,52,22,27,-7,4,-38,-19,-23,-22,-57,0,-133,-92,-164,-164,-187,-186,-179,-179,-203,-166,-216,-160,-153,-155,-137,-147,-174,-63,-175,-160,-152,-81,-348,-160,-197,-210,-191,-136,-150,-141,-136,-141,-154,-141,-1427,-1470,-1060,-9,-28,0,0,0,0,0,0]} 1. c4 e6 2. g3 d5 3. Bg2 Nf6 4. Nf3 c5 5. O-O Nc6 6. cxd5 Nxd5 7. d3 Be7 8. Nc3 O-O 9. Bd2 Nc7 {A34: Symmetrical English: 2 Nc3, lines with ...d5.} 10. Rc1 Rb8 {[#]} 11. a3 $146 ({Predecessor:} 11. Bf4 f6 12. Bxc7 Qxc7 13. d4 Rd8 14. d5 Nb4 15. e4 exd5 16. exd5 c4 17. Ne1 {0-1 (45) Kakadelis,E (2096)-Sandalakis,A (2355) Athens 2007}) 11... b6 12. h4 Bb7 13. h5 h6 14. Bf4 Bd6 15. Be3 f5 (15... Nd5 $15 16. Nxd5 exd5) 16. Qd2 (16. d4 $11 {remains equal.}) 16... e5 17. Qc2 (17. b4 $17) 17... Nd4 $19 18. Bxd4 exd4 19. Nb5 Nxb5 20. Qb3+ Kh7 21. Qxb5 a6 22. Qb3 f4 23. Qe6 Rf6 24. Qg4 {[#]} Qe7 (24... g5 $1 $19 25. Qh3 fxg3 26. fxg3 Bc8) 25. Rce1 ({White should try} 25. Nd2 $15) 25... fxg3 26. fxg3 Rbf8 (26... Qe3+ $142 27. Kh2 Kg8) 27. Kh2 $2 {[%mdl 8192]} (27. Nh2 $17) 27... Qe3 (27... g6 $19 {is more deadly. And now ...gxh5 would win.} 28. Nd2 gxh5 29. Be4+ Bxe4 30. Qxe4+ Qxe4 31. dxe4 Rxf1 32. Nxf1 c4) 28. b3 Kg8 29. Nh4 {Hoping for Rxf6.} Bxg2 (29... Rf2 $19 {White must now prevent ...Bc8.} 30. Rxf2 Rxf2) 30. Rxf6 $17 Rxf6 31. Nxg2 Qf2 {Strongly threatening ...Rf5.} 32. Kh3 Rf5 {aiming for ...Rxh5+!} 33. e4 $2 {[%mdl 8192] [#]} (33. Qg6 $17) 33... Rxh5+ $1 $19 {[%mdl 512]} 34. Nh4 Qxe1 $2 (34... Rg5 $19 35. Qe6+ Kh7 36. Qxd6 Qxe1) 35. Qe6+ $11 Kf8 {[%csl Gd6][%cal Re1g3]} 36. Qxd6+ {[%mdl 64] Double Attack. The position is equal.} Kg8 37. Qe6+ Kf8 {( -> ...Qh1+)} 38. Qd6+ {Weighted Error Value: White=0.62/Black=0.58} 1/2-1/2

[Event "Chess Festival Cracovia B 2020"]
[Site "Krakow"]
[Date "2021.01.02"]
[Round "6.8"]
[White "Gorkiewicz, Mateusz"]
[Black "Meers, Hubert"]
[Result "0-1"]
[WhiteElo "2014"]
[BlackElo "1986"]
[Annotator "TA"]
[PlyCount "96"]
[EventDate "2020.12.28"]
[EventCountry "POL"]
[SourceTitle "playchess.com"]
[Source "ChessBase"]
[SourceQuality "1"]

{[%evp 11,96,17,18,-17,18,0,15,8,29,-15,25,-8,12,-61,-54,-72,-50,-99,-105,-145,-66,-90,-62,-51,-21,-33,-33,-29,0,-19,-28,-27,-28,-77,-29,-20,-28,-126,60,-178,-172,-256,-257,-308,-219,-205,-135,-454,-437,-636,-620,-577,-618,-883,-889,-661,-286,-287,-282,-265,-265,-258,-245,-470,-300,-506,-481,-555,-522,-29991,-1198,-1170,-1152,-1130,-1044,-6395,-5481,-1689,-837,-826,-797,-5895,-3866,-12837,-12837,-12841,-12836]} 1. e4 c6 2. d4 g6 3. Nc3 d5 4. e5 h5 5. f4 Nh6 6. Nf3 Bg4 7. Be3 {B15: Caro-Kann: 3 Nc3: 3...g6 and 3...dxe4 4 Nxe4 Nf6 5 Nxf6+ exf6.} e6 8. Bd3 Nd7 9. O-O {[#] The position is equal.} a6 $146 ({Predecessor:} 9... Bxf3 10. Qxf3 Ng4 11. Ne2 c5 12. c3 Rc8 13. h3 Nh6 14. b3 cxd4 15. cxd4 Ba3 {½-½ (29) Mandelbaum,P (2155)-Meyer,F (2368) Hamburg 2004}) 10. a4 (10. h3 $5 {[%cal Rh3g4]} Nf5 11. Bf2 $11) 10... Qc7 11. Rb1 c5 12. dxc5 (12. h3 $11) 12... Bxc5 $15 13. Bxc5 Nxc5 14. Be2 Nf5 15. Qd2 Qb6 ({Black should play} 15... Ne4 $17 16. Nxe4 dxe4) 16. a5 {[%cal Ra5b6]} Qa7 ({Stronger than} 16... Qxa5 17. b4 $16) 17. Kh1 Bxf3 $40 {[%mdl 128] Black is up to no good.} 18. Bxf3 h4 {And now ...Ng3+! would win.} 19. Bg4 $1 d4 20. Ne2 Ne3 {[%mdl 64] Double Attack} 21. Bf3 Nxf1 22. Rxf1 O-O-O 23. b4 Na4 24. Qd3 (24. Rb1 $11 {keeps the balance.}) 24... Kb8 $2 (24... Rd7 $17 25. Qb3 Nc3 26. Nxc3 dxc3) 25. Qb3 $2 {[#]} (25. b5 $1 $14 {is the one way to stay ahead.}) 25... Nc3 $1 $19 26. Nxc3 (26. h3 {might work better.}) 26... dxc3 27. Qxc3 Rc8 28. Qb3 h3 29. g3 $2 {[%mdl 8192] This move loses the game for White.} (29. gxh3 $17 Rxh3 30. Qd3) 29... Rhd8 30. b5 (30. c4 $142 Qd4 31. c5) 30... axb5 31. Qxb5 Rc5 32. Qb4 {If White can now play Rb1 this consolidates a bit.} Rxa5 33. Qe7 Rc8 (33... Qb6 $142 34. c3 Rd2 35. Qf8+ Ka7) 34. Qd6+ Ka8 {White must now prevent ...Ra1.} 35. Qd7 {[#]} Qb8 36. Rb1 {[%cal Rf3b7]} Rc7 (36... Rxc2 37. Bxb7+ Ka7 38. Bc6+ Ka6 39. Qd3+ (39. Rxb8 $2 {leads to mate.} Rc1+ 40. Qd1 Rxd1#) 39... Ka7 40. Qxc2 $18) 37. Qd6 (37. Qd2 Ra7 38. Kg1) 37... Ra7 38. Kg1 $2 (38. Qd3 {is a better defense.}) 38... Rxc2 39. Qd7 Qc8 40. Qd3 Rc1+ (40... Qc5+ $142 41. Kh1 Rc1+ 42. Qd1 Rxd1+ 43. Rxd1 Ra2 44. Be4 Qf2 45. Rd8+ Ka7 46. Ra8+ {[%mdl 64] Decoy} Kxa8 47. Bxb7+ Kxb7 48. g4 Qxh2#) 41. Rxc1 {Black is clearly winning.} Qxc1+ {[%mdl 4096] Endgame KQR-KQB} 42. Kf2 Qc5+ 43. Kf1 Ra1+ 44. Bd1 Qd5 (44... Ra3 $142 45. Qd7 Ka7) 45. Qxd5 exd5 46. Ke2 Ra2+ 47. Kf3 Rxh2 48. g4 Rd2 {Weighted Error Value: White=1.06/Black=0.60} 0-1

[Event "Chess Festival Cracovia B 2020"]
[Site "Krakow"]
[Date "2021.01.02"]
[Round "6.9"]
[White "Swiderski, Radoslaw"]
[Black "Cichon, Jakub"]
[Result "1-0"]
[WhiteElo "1995"]
[BlackElo "1678"]
[Annotator "TA"]
[PlyCount "77"]
[EventDate "2020.12.28"]
[EventCountry "POL"]
[SourceTitle "playchess.com"]
[Source "ChessBase"]
[SourceQuality "1"]

{[%evp 12,76,14,19,18,13,12,-14,24,22,41,25,48,56,47,48,34,10,30,29,40,39,45,42,32,42,35,24,72,83,72,75,231,233,281,277,275,277,268,228,220,229,232,158,168,156,160,151,158,154,346,326,271,342,339,324,314,269,258,216,191,150,443,438,29998,29999,29999]} 1. e4 e5 2. Nf3 Nc6 3. Bb5 a6 4. Ba4 Nge7 5. O-O g6 6. d4 exd4 7. Nxd4 Bg7 {C60: Ruy Lopez: Unusual Black 3rd moves and 3...g6.} 8. Be3 O-O 9. Nc3 b5 {The position is equal.} 10. Nxc6 Nxc6 11. Bb3 Na5 12. Bd4 {[#]} d6 $146 {[#] Strongly threatening ...Bxd4.} ({Predecessor:} 12... Bb7 13. Bxg7 Kxg7 14. Qd4+ f6 15. Rfd1 d6 16. Bd5 Bxd5 17. Nxd5 Nc4 18. b3 Ne5 {½-½ (40) Shapar,T (1832)-Granovskaya,E (1626) St Petersburg 2015}) 13. Bxg7 Kxg7 14. f4 f5 15. Qd4+ Qf6 16. e5 $36 {[%mdl 2048] White is pushing.} dxe5 17. fxe5 Qb6 18. Qxb6 cxb6 19. Rad1 Nc4 20. Bxc4 {Black is now going downhill.} bxc4 21. Rd6 b5 $2 (21... Re8 $16) 22. Nd5 $18 Bb7 23. Nc7 Be4 24. Nxa8 Rxa8 {[%mdl 4096] Endgame KRR-KRB} 25. Rd7+ Kh6 26. e6 Re8 27. e7 Bxc2 28. Rc1 Bd3 29. Re1 {Hoping for Rd8.} Be4 30. Re3 Kg7 $2 (30... b4 $16 31. Rc7 a5) 31. Ra3 b4 32. Rxa6 c3 33. bxc3 bxc3 34. Raa7 c2 35. Rdc7 Kf7 36. Kf2 Rb8 $2 (36... Kf6 $16 {was necessary.}) 37. Ke2 Rb2 (37... Kf6 $18 38. g3 h5) 38. e8=Q+ {[%mdl 64] [#] Decoy, Back Rank} Kxe8 39. Rc8# {Weighted Error Value: White=0.08/Black=0.56} 1-0

[Event "Chess Festival Cracovia B 2020"]
[Site "Krakow"]
[Date "2021.01.02"]
[Round "6.10"]
[White "Panek, Bartosz"]
[Black "Kumor, Lukasz"]
[Result "1/2-1/2"]
[WhiteElo "1981"]
[BlackElo "2034"]
[Annotator "TA"]
[PlyCount "79"]
[EventDate "2020.12.28"]
[EventCountry "POL"]
[SourceTitle "playchess.com"]
[Source "ChessBase"]
[SourceQuality "1"]

{[%evp 9,79,12,27,27,27,17,26,19,41,21,27,20,16,8,57,50,68,49,41,58,60,43,56,41,88,88,85,0,20,15,26,0,-2,-34,-33,-28,25,15,3,14,134,147,129,0,106,0,0,0,0,0,69,16,436,405,402,38,51,49,51,41,54,45,59,8,8,0,0,-2,0,0,8,-8]} 1. e4 c5 2. Nf3 d6 3. Bb5+ Nd7 4. O-O a6 5. Bd3 Ngf6 6. c3 {B51: Sicilian: Moscow Variation (3 Bb5+) without 3...Bd7.} e5 7. Bc2 Be7 8. d4 {White has an edge.} cxd4 9. cxd4 O-O {[#]} 10. b3 $146 {[%cal Bb2b3,Bb3b4][%mdl 32]} ({Predecessor:} 10. a4 b6 11. Nc3 Bb7 12. Re1 Rc8 13. h3 Qc7 14. Bg5 Rfd8 15. Rc1 Qb8 16. Qd2 {1-0 (61) Boguslawski,O (2405)-Mager,D (2283) Germany 2018}) 10... exd4 11. Nxd4 Nc5 12. Nc3 Re8 13. b4 Ne6 14. Nf5 Bf8 15. Qd3 Nc7 16. Ne3 Bd7 17. Bb2 Bc6 18. Ned5 (18. a4 $16) 18... Ncxd5 19. Nxd5 Bxd5 20. exd5 (20. Bxf6 $5 Qxf6 21. Qxd5 $14) 20... g6 21. f4 Bg7 22. f5 Ne4 (22... Rc8 $142) 23. Bxg7 $40 {[%mdl 128] Black needs to defend precisely.} Kxg7 24. fxg6 fxg6 (24... Qb6+ $1 $11 {remains equal.} 25. Kh1 hxg6) 25. Qd4+ $16 Nf6 26. Rf2 ({White should play} 26. Rf3 $1 $16 {aiming for Raf1.} Re5 27. Raf1 Nxd5 28. Bb3) 26... Rf8 {[#]} (26... Qe7 $1 $11) 27. Raf1 ({Better is} 27. Re1 $1 $16 {[%cal Re1e6]}) 27... Qe7 $11 28. Bd1 {Black must now prevent Re2.} Qe5 29. Qb6 Qxd5 (29... Ne4 $11 30. Rf3 (30. Qxb7+ $2 Kh6 $19) 30... Nd2 31. Qxb7+ (31. Rxf8 $2 Rxf8 32. Bf3 Nxf1 $19) 31... Kh6 32. Rh3+ (32. Rxf8 Rxf8 33. Qxa6 Nxf1 34. Bf3 Nd2 35. Kf2 Ne4+ 36. Ke3 Qf4+ 37. Kd3 Qd2+ {[%mdl 64] Double Attack} 38. Kc4 Qc3+ 39. Kb5 Rb8+ 40. Qb6 Qd3+ {[%mdl 64] Double Attack} 41. Kc6 Qc4+ 42. Qc5 Qa6+ 43. Qb6 Qxb6+ 44. Kd7 Qd8+ 45. Ke6 Ng5#) 32... Kg5 33. Rg3+ Kh6 34. Rh3+ Kg5 35. Rg3+ Kh6 36. Rh3+) 30. Bb3 (30. Bf3 $14 Qe5 31. Re2 (31. Qxb7+ Kh6 $11)) 30... Qe5 $2 {[%mdl 8192]} (30... Qc6 $11 {and Black stays safe.} 31. Qd4 Qe4 32. Qxd6 Qe3) 31. Qxb7+ $18 ({Resist} 31. Rxf6 Rxf6 32. Qxb7+ Kh6 $18) 31... Kh6 {[#] Threatens to win with ...Ng4!} 32. Qf3 (32. Rxf6 $1 $18 {[%mdl 512]} Rxf6 33. Rxf6) 32... Rae8 33. Qf4+ Kg7 $1 34. Qxe5 Rxe5 35. Bc4 Re4 36. Bxa6 (36. Rf4 $14) 36... Rxb4 $11 {The position is equal.} 37. Rc2 Rf7 38. h3 Ra7 39. Rc6 Ne4 40. a3 {Weighted Error Value: White=0.33/Black=0.41} 1/2-1/2

[Event "Chess Festival Cracovia B 2020"]
[Site "Krakow"]
[Date "2021.01.02"]
[Round "6.11"]
[White "Dziewonski, Dariusz"]
[Black "Lochte, Thomas"]
[Result "1/2-1/2"]
[WhiteElo "1925"]
[BlackElo "2076"]
[Annotator "TA"]
[PlyCount "46"]
[EventDate "2020.12.28"]
[EventCountry "POL"]
[SourceTitle "playchess.com"]
[Source "ChessBase"]
[SourceQuality "1"]

{[%evp 23,46,30,37,0,58,44,89,87,68,45,64,47,73,37,45,49,70,-7,-7,-7,-4,-4,-4,-10,-4]} 1. e4 e5 2. Nf3 Nc6 3. Bb5 a6 4. Ba4 Nf6 5. O-O b5 6. Bb3 Be7 7. Re1 O-O 8. h3 d6 9. c3 Na5 10. Bc2 c5 11. d4 cxd4 12. cxd4 Qc7 13. b3 {C96: Closed Ruy Lopez: Chigorin Defence: 11 d4, replies other than 11...Qc7.} exd4 (13... Nc6 $11) 14. Bb2 $14 Bb7 15. Nxd4 {[#] White is better.} Nc6 $146 ({Predecessor:} 15... d5 16. e5 Nd7 17. Nf5 Bg5 18. Nc3 Nb6 19. Qg4 h6 20. h4 Qd8 21. hxg5 Qxg5 22. Qxg5 hxg5 {1-0 (28) Luke,G-Krubnik,E San Francisco 2001}) 16. Nxc6 Qxc6 17. Nc3 Rfe8 18. a3 Rad8 19. Rc1 d5 20. Nxd5 (20. exd5 $14 Qd7 21. Qd4) 20... Nxd5 $11 {The position is equal.} 21. exd5 Qxd5 22. Qxd5 Bxd5 23. Rcd1 Be6 {Weighted Error Value: White=0.22/Black=0.21} 1/2-1/2

[Event "Chess Festival Cracovia B 2020"]
[Site "Krakow"]
[Date "2021.01.02"]
[Round "7.1"]
[White "Golenia, Wojciech"]
[Black "Musial, Tomasz"]
[Result "1/2-1/2"]
[WhiteElo "2004"]
[BlackElo "2026"]
[Annotator "TA"]
[PlyCount "44"]
[EventDate "2020.12.28"]
[EventCountry "POL"]
[SourceTitle "playchess.com"]
[Source "ChessBase"]
[SourceQuality "1"]

{[%evp 9,44,-14,-8,-14,-10,-58,-52,-52,-51,-62,-62,-57,-39,-45,-37,-50,-28,-28,-26,-25,-29,-25,-20,-50,-41,-95,-31,-46,-19,-19,-19,-39,-19,-32,-32,-49,-45]} 1. c4 Nf6 2. Nc3 e5 3. g3 Bb4 4. Bg2 O-O 5. e4 d6 6. a3 {A22: English Opening: 1...e5 2 Nc3 Nf6.} Bxc3 7. dxc3 Be6 {[#]} 8. Qe2 $146 ({Predecessor:} 8. b3 a5 9. a4 Nbd7 10. Ne2 Nc5 11. Qc2 Bd7 12. Be3 Nfxe4 13. f3 Nf6 14. Bxc5 dxc5 {½-½ (56) Blaushtain,B (2067)-Masich,V (1928) Plovdiv 2013}) 8... Nbd7 9. Bg5 h6 10. Bxf6 Nxf6 11. Nf3 Bg4 12. h3 Bxf3 13. Qxf3 Nd7 14. O-O Qf6 15. Qe2 Qe6 16. Rad1 a5 17. Bf3 ({Better is} 17. a4 $15) 17... Nf6 ({Wrong is} 17... Qxh3 $2 18. Bg4 $18) (17... Nb6 $17) 18. Bg4 $15 Nxg4 19. hxg4 a4 20. Rd2 Rfe8 21. f3 Ra6 22. Rfd1 Rc6 {Weighted Error Value: White=0.14/Black=0.10} 1/2-1/2

[Event "Chess Festival Cracovia B 2020"]
[Site "Krakow"]
[Date "2021.01.02"]
[Round "7.2"]
[White "Zarnowski, Krzysztof"]
[Black "Szczurek, Krzysztof"]
[Result "0-1"]
[WhiteElo "2062"]
[BlackElo "2031"]
[Annotator "TA"]
[PlyCount "80"]
[EventDate "2020.12.28"]
[EventCountry "POL"]
[SourceTitle "playchess.com"]
[Source "ChessBase"]
[SourceQuality "1"]

{[%evp 18,80,81,77,64,77,77,78,111,86,101,96,79,82,96,109,170,153,139,128,295,233,356,319,319,234,235,233,204,219,324,144,147,145,264,176,141,0,0,0,213,212,195,216,217,211,235,209,222,198,401,390,416,-169,-173,-156,-125,-670,-633,-5960,-2562,-29997,-29998,-29998,-29999]} 1. d4 Nf6 2. c4 g6 3. Nc3 Bg7 4. e4 d6 5. Be2 O-O 6. Bg5 h6 7. Be3 e5 8. d5 Nbd7 9. Qd2 Kh7 10. h4 Nc5 {E73: King's Indian: Averbakh Variation without 6...c5.} 11. f3 Nh5 12. g4 Ng3 {White is better.} 13. Rh2 f5 {[#]} 14. exf5 $146 ({Predecessor:} 14. h5 f4 15. hxg6+ Kxg6 16. Bf2 Nxe2 17. Ngxe2 Bf6 18. O-O-O Bd7 19. Rdh1 Rh8 20. Bh4 {1-0 (42) Farago,I (2350)-Bognar,C (2166) Ajka 2019}) 14... gxf5 15. g5 h5 16. Bxc5 Nxe2 (16... dxc5 $16 {is a better defense.} 17. Bd1 Kg8) 17. Ngxe2 {Bf2 is the strong threat.} dxc5 18. Ng3 Kg6 $2 (18... Qe8 $16 19. O-O-O Qg6) 19. O-O-O $18 a6 (19... Bd7 {keeps fighting.} 20. d6 c6) 20. d6 Be6 21. dxc7 Qxc7 22. Qd6 Qf7 23. Nd5 ({Stronger than} 23. Qxc5 Rfc8 $15) 23... Rae8 (23... Rfe8 $142 24. Rg2 (24. Qxc5 Rac8 $17) 24... Rad8) 24. Qxc5 (24. Rg2 $18 {is more deadly.}) 24... Kh7 $16 {Threatens to win with ...Rc8.} 25. Nb6 Re7 (25... Rc8 $16 26. Nxc8 Rxc8) 26. b3 Rc7 27. Qb4 ({White should play} 27. Qg1 $16) 27... e4 $11 28. f4 Re8 $2 (28... Rc6 $11 {and Black has nothing to worry.}) 29. Rc2 $18 Rc6 {[#]} 30. c5 $1 Bf8 31. Kb1 Kg6 32. Ne2 Qc7 {[%cal Rf8c5]} 33. Nd5 Qf7 (33... Qd7 {might work better.}) 34. Nf6 Rec8 {[%cal Rf8c5]} 35. Ng3 $4 {[%mdl 8192]} (35. Nd4 $18 {is the narrow road to win.}) 35... Rxc5 $19 36. Rxc5 Rxc5 37. Qb6 $2 {[%mdl 8192] [#]} (37. Qd2 $17 Bxb3 38. Nd7 Bxa2+ 39. Qxa2 Rb5+ 40. Ka1 Bg7+ 41. Ne5+ Rxe5 42. Qxf7+ Kxf7 43. Kb1 Rb5+ 44. Kc1) 37... Rb5 $1 {[%cal Rb5b6]} 38. Qf2 {Black must now prevent Qe2.} Bxb3 $1 39. axb3 Qxb3+ {[%mdl 64] Double Attack} 40. Kc1 Qc3+ {Weighted Error Value: White=0.91/Black=0.47} 0-1